| 000 | 00473nam a2200145Ia 4500 | ||
|---|---|---|---|
| 041 | _aArabic | ||
| 082 | _a725.7 cut-895 خ | ||
| 100 | _a20260118u\\\\\\\\\\\y0engy0103\\\\ba | ||
| 100 | _aمحمد ماجد خلوصي | ||
| 245 | 0 | _aالموسوعە المعماریە للتصمیم المعماری القرى السیاحیە | |
| 250 | _aط1 | ||
| 260 |
_bدار قابس للطباعة والنشر _aبيروت - لبنان _c2006 |
||
| 300 | _a486 | ||
| 942 | _cBk | ||
| 999 |
_c189825 _d189825 |
||